000 00338nam a2200169Ia 4500
100 _aTharoor/Shashi
650 _aFiction
942 _cBK
366 _f17.5
654 _adollar
245 _aFive Dollar smile
260 _bPenquin books
_c1990
082 _a808.83/THA
_bTHA
300 _a239
546 _aENGLISH
999 _c22057
_d22057